000 01290nam a2200349 a 4500
001 4031324
003 OSt
005 20140310181749.0
008 971226s1997 ph a b 000 0ceng
010 _a 97946620
020 _a971270596X
040 _aDLC
_cDLC
042 _alcode
043 _aa-ph---
050 0 0 _aDS 686.6.
_b.Si625 1997
082 0 0 _aFIL 324.4
_bSi97 1997
245 0 0 _aSix young Filipino martyrs /
_cedited by Asuncion David Maramba.
246 3 _a6 young Filipino martyrs
260 _a[Pasig City] :
_bAnvil,
_cc1997.
300 _axv, 276 p. :
_bill. ;
_c23 cm.
504 _aIncludes bibliographical references.
505 0 _aLeandro Alejandro / Marites DaƱguilan Vitug -- Ma. Lorena Barros / Maita Gomez -- Remberto de la Paz / Dulce Festin Baybay -- Edgar Jopson / Lorna Kalaw Tirol -- Emmanuel Lacaba / Sylvia Mendez Ventura -- Abraham Sarmiento Jr. / Domini M. Torrevillas.
562 _e1
650 0 _aHeroes
_zPhilippines
_xBiography.
651 0 _aPhilippines
_xBiography.
651 0 _aPhilippines
_xPolitics and government
_y1973-1986.
700 1 _aMaramba, Asuncion David.
906 _a7
_bcbc
_corigode
_d3
_encip
_f19
_gy-gencatlg
942 _2lcc
_cBK
_kFIL
999 _c3124
_d3124